000 00677nam a2200181Ia 4500
008 100921s9999 xx 000 0 und d
082 _b30152
_a808.068 थ 54
100 _aसाने गुरूजी.
245 _aश्यामची आई.
260 _bपुणे विद्यार्थीगृह प्रकाशन,पुणे.
_c1954
300 _a145
_bरसिक साहित्य,पुणे
365 _b25
520 _aललित-बालवाङ्रमय.
630 _aश्यामची आई.
650 _aललित-बालवाङ्रमय.
730 _aश्यामची आई.
942 _cBOOK
999 _c779265
_d779262